| 000 | 00497nam a2200193Ia 4500 | ||
|---|---|---|---|
| 001 | 69281 | ||
| 008 | 151103s9999||||xx |||||||||||||| ||und|| | ||
| 020 | _a9781933492582 | ||
| 040 | _cPK-LaUMT | ||
| 082 |
_a#VALUE! _bCOS- |
||
| 100 | _aArelleno, Carlo | ||
| 245 |
_aCostume design and illustration _cArelleno, Carlo|[et al, ] |
||
| 260 |
_aCulver City,USA: _bDesign Studio Press, _c2014 |
||
| 300 | _a128 p. | ||
| 546 | _aEN | ||
| 650 | _aFashion design | ||
| 700 | _a[et al, ] | ||
| 942 | _cBK | ||
| 999 |
_c78294 _d78294 |
||